| 000 | 01131nam a2200229Ia 4500 | ||
|---|---|---|---|
| 999 |
_c36608 _d36608 |
||
| 001 | 2528 | ||
| 003 | GE_BSU | ||
| 005 | 20230831160053.0 | ||
| 008 | 181216s1996||||ge |||||||||||||| ||geo|| | ||
| 040 | _cGE_BSU | ||
| 041 | _ageo | ||
| 080 | _a811.111(038)+811.353.1(038) ი–54 | ||
| 245 |
_aინგლისურ-ქართული ლექსიკონი = English-Georgian dictionary. რვეული 4 : _bD / _c[მთ. რედ.: არიანე ჭანტურია, თინათინ მარგალიტაძე ; შემდგ.: ნ. ძოწენიძე, გ. მელაძე, დ. ჭილაია და სხვ.]. |
||
| 264 |
_aთბილისი, _c1996. |
||
| 300 |
_a175 გვ. _b28 სმ. |
||
| 541 | _h12ლ. | ||
| 653 | _aინგლისურ-ქართული ლექსიკონი | ||
| 700 |
_aჭანტურია, არიანე _eრედაქტორი _95156 |
||
| 700 |
_aძოწენიძე, ნ. _eშემდგენელი _916536 |
||
| 710 |
_aთბილისის უნ-ტი. _919736 |
||
| 942 |
_cBK _2udc |
||